[Event "Don't Fall In The Trap. (Petrov's Defence)"]
[Site "SchemingMind.com"]
[Date "2006.08.18"]
[Round "-"]
[White "Dr_Pat"]
[Black "Sibahi"]
[Result "1-0"]
[WhiteCountry "USA"]
[BlackCountry "KSA"]
[WhiteElo "1490"]
[WhiteRD "48"]
[BlackElo "1351"]
[BlackRD "86"]
[GameID "64237"]

1. e4 e5 2. Nf3 Nf6 3. Nc3 Nc6 4. d4 d6 5. Bb5 Bd7 6. Bxc6 Bxc6 7. Qd3 b6 8. O-O Be7 9. dxe5 dxe5 10. Qc4 O-O
11. Qxc6 Bd6 12. Rd1 a6 13. Bg5 h6 14. Bxf6 Qxf6 15. Nd5 Qg6 16. Nxe5 Qe6 17. Nxc7 Bxc7 18. Qxc7 Rac8 19. Qd6 Qxd6 20. Rxd6 Rxc2
21. Rxb6 Rfc8 22. g3 a5 23. b3 Re2 24. Nc6 Rxe4 25. Nxa5 Rc2 26. a4 Ree2 27. Rf1 f5 28. Nc4 Kh7 29. Ne3 Rc5 30. b4 Re5
31. a5 Rb2 32. Nc4
1-0

[Event "Don't Fall In The Trap. (Petrov's Defence)"]
[Site "SchemingMind.com"]
[Date "2006.08.18"]
[Round "-"]
[White "Sibahi"]
[Black "Dr_Pat"]
[Result "0-1"]
[WhiteCountry "KSA"]
[BlackCountry "USA"]
[WhiteElo "1351"]
[WhiteRD "86"]
[BlackElo "1490"]
[BlackRD "48"]
[GameID "64238"]

1. e4 e5 2. Nf3 Nf6 3. Nxe5 d6 4. Nf3 Nxe4 5. Qe2 Qe7 6. d3 Nf6 7. Qxe7+ Bxe7 8. Bg5 Nc6 9. Nc3 O-O 10. Be2 h6
11. Bh4 Be6 12. O-O Nb4 13. Nd4 Bd7 14. a3 Nc6 15. Rae1 Nxd4 16. Bd1 Rfe8 17. Ne4 Nxe4 18. Rxe4 Bxh4 19. Rxh4 Ne2+ 20. Bxe2 Rxe2
21. Rc4 d5 22. Rxc7 Bc6 23. h3 Rxc2 24. b4 Ra2 25. Re1 Re8 26. Rxe8+ Bxe8 27. Rxb7 Rxa3 28. b5 Rxd3 29. Rb8 Kf8 30. Kf1 Rd1+
31. Ke2 Rb1 32. Kd3 Rxb5 33. Rxb5 Bxb5+ 34. Kd4 Bf1 35. g3 Bxh3 36. Kxd5 a5 37. Kc4 a4 38. Kb4 Bd7 39. f4 f5 40. Ka3 Ke7
41. Kb4 Ke6 42. Kc3 Kd5 43. Kb4 Ke4
0-1

[Event "Don't Fall In The Trap. (Petrov's Defence)"]
[Site "SchemingMind.com"]
[Date "2006.08.28"]
[Round "-"]
[White "capablanca"]
[Black "Dr_Pat"]
[Result "1-0"]
[WhiteCountry "GER"]
[BlackCountry "USA"]
[WhiteElo "1613"]
[WhiteRD "57"]
[BlackElo "1490"]
[BlackRD "48"]
[GameID "65312"]

1. e4 e5 2. Nf3 Nf6 3. Nxe5 d6 4. Nf3 Nxe4 5. Qe2 Qe7 6. d3 Nf6 7. Bg5 Qxe2+ 8. Bxe2 Be7 9. O-O O-O 10. Nbd2 Nbd7
11. d4 d5 12. Rfe1 Re8 13. Bd3 b6 14. Re2 h6 15. Bf4 c5 16. dxc5 Nxc5 17. Bb5 Ba6 18. Bxa6 Nxa6 19. Rae1 Nb4 20. Rxe7 Rxe7
21. Rxe7 Nxc2 22. Rc7 Nb4 23. a3 Nd3 24. Be5 Nxb2 25. Bxb2
1-0

[Event "Don't Fall In The Trap. (Petrov's Defence)"]
[Site "SchemingMind.com"]
[Date "2006.08.28"]
[Round "-"]
[White "capablanca"]
[Black "Sibahi"]
[Result "1-0"]
[WhiteCountry "GER"]
[BlackCountry "KSA"]
[WhiteElo "1613"]
[WhiteRD "57"]
[BlackElo "1351"]
[BlackRD "86"]
[GameID "65313"]

1. e4 e5 2. Nf3 Nf6 3. Nxe5 d6 4. Nf3 Nxe4 5. d3 Nf6 6. Nc3 Bg4 7. Be2 Nc6 8. O-O Be7 9. Re1 O-O 10. Nd2 Ne5
11. Nde4 h5 12. Nxf6+ Bxf6 13. Bd2 Qd7 14. Nd5 Qe6 15. Nxc7 Qf5 16. Nxa8 Rxa8 17. Bc3 Qg6 18. Bxe5 Bxe5 19. Bxg4 hxg4 20. d4 Bf4
21. g3 Bh6 22. c3 f5 23. Qb3+ Kh7 24. Qxb7 Re8 25. Rxe8 Qxe8 26. Kf1 Qa4 27. Qb3 Qc6 28. d5 Qa6+ 29. c4 Qa5 30. Qd3 g6
31. a3 Bg7 32. b4 Qd8 33. Re1 Qg5 34. Qe3 Qf6 35. c5 dxc5 36. bxc5 Qa6+ 37. Kg1 Bh6 38. Qe7+ Bg7 39. Qh4+ Kg8 40. Re8+
1-0

[Event "Don't Fall In The Trap. (Petrov's Defence)"]
[Site "SchemingMind.com"]
[Date "2006.08.27"]
[Round "-"]
[White "Dr_Pat"]
[Black "capablanca"]
[Result "0-1"]
[WhiteCountry "USA"]
[BlackCountry "GER"]
[WhiteElo "1490"]
[WhiteRD "48"]
[BlackElo "1613"]
[BlackRD "57"]
[GameID "65314"]

1. e4 e5 2. Nf3 Nf6 3. Nxe5 d6 4. Nf3 Nxe4 5. d4 Bg4 6. Bb5+ c6 7. Bd3 Nf6 8. O-O Be7 9. c4 O-O 10. Nc3 Nbd7
11. Bg5 h6 12. Bxf6 Bxf6 13. Qb3 Bxf3 14. gxf3 Bxd4 15. Qxb7 Qg5+ 16. Kh1 Ne5 17. Be4 Nxc4 18. Qxc6 Nd2 19. Rg1 Qh4 20. Qxd6 Bxf2
21. Rg4 Nxe4 22. Nxe4 Rad8 23. Qf6 Qxf6 24. Nxf6+ Kh8 25. Ne4 f5 26. Nxf2 fxg4 27. Nxg4 Rxf3 28. b4 Rd2 29. a4 Rf4 30. Ne5 Rxb4
0-1

[Event "Don't Fall In The Trap. (Petrov's Defence)"]
[Site "SchemingMind.com"]
[Date "2006.08.26"]
[Round "-"]
[White "Sibahi"]
[Black "capablanca"]
[Result "0-1"]
[WhiteCountry "KSA"]
[BlackCountry "GER"]
[WhiteElo "1351"]
[WhiteRD "86"]
[BlackElo "1613"]
[BlackRD "57"]
[GameID "65315"]

1. e4 e5 2. Nf3 Nf6 3. Nxe5 d6 4. Nf3 Nxe4 5. d3 Nf6 6. Bg5 Be7 7. Be2 O-O 8. O-O Re8 9. Nbd2 Nbd7 10. Re1 Nd5
11. Ne4 Bxg5 12. Nfxg5 h6 13. Nf3 N7f6 14. c4 Nf4 15. Nd4 Nxe2+ 16. Rxe2 Nxe4 17. Rxe4 Rxe4 18. dxe4 Qf6 19. Qd2 Bd7 20. Qe3 c5
21. Nb5 Bxb5 22. cxb5 Qxb2 23. Qe1 Qxb5 24. h4 Re8 25. a4 Qc4 26. f3 f5 27. Qb1 fxe4 28. fxe4 Qxe4 29. Qa2+ d5 30. g3 Qe3+
31. Kh2 Qe2+ 32. Qxe2 Rxe2+ 33. Kh3 Kf7 34. Rf1+ Ke7 35. Rf5 Ke6 36. Rf8 Ra2 37. Rf1 Rxa4 38. Re1+ Kd6 39. Re8 Re4 40. Ra8 a6
41. Rg8 Re7 42. h5 d4 43. Rd8+ Rd7 44. Rf8 d3
0-1

[Event "Don't Fall In The Trap. (Petrov's Defence)"]
[Site "SchemingMind.com"]
[Date "2006.08.28"]
[Round "-"]
[White "Rotceh"]
[Black "capablanca"]
[Result "1-0"]
[WhiteCountry "MEX"]
[BlackCountry "GER"]
[WhiteElo "1605"]
[WhiteRD "65"]
[BlackElo "1613"]
[BlackRD "57"]
[GameID "65569"]

1. e4 e5 2. Nf3 Nf6 3. Nxe5 d6 4. Nf3 Nxe4 5. d4 d5 6. Bd3 Qe7 7. O-O g6 8. Re1 Bg4 9. Nc3 c6 10. Nxe4 dxe4
11. Rxe4 Be6 12. Ng5 Nd7 13. Nxe6 fxe6 14. Bc4 O-O-O 15. Rxe6 Qg7 16. Bg5 Nb6 17. Bxd8
1-0

[Event "Don't Fall In The Trap. (Petrov's Defence)"]
[Site "SchemingMind.com"]
[Date "2006.08.28"]
[Round "-"]
[White "Rotceh"]
[Black "Dr_Pat"]
[Result "1-0"]
[WhiteCountry "MEX"]
[BlackCountry "USA"]
[WhiteElo "1605"]
[WhiteRD "65"]
[BlackElo "1490"]
[BlackRD "48"]
[GameID "65570"]

1. e4 e5 2. Nf3 Nf6 3. Nxe5 d6 4. Nf3 Nxe4 5. d4 d5 6. Bd3 Bd6 7. c4 c6 8. Nc3 Nxc3 9. bxc3 O-O 10. O-O Nd7
11. cxd5 cxd5 12. Bxh7+ Kxh7 13. Ng5+ Kg8 14. f4 f6 15. Ne6 Qa5 16. Nxf8 Kxf8 17. Re1 Nb6 18. Qh5 Kg8 19. Qe8+ Bf8 20. Re7 Bd7
21. Qf7+ Kh7 22. Re3 Bf5 23. Qh5+ Kg8 24. Qxf5 Nc4 25. Qe6+
1-0

[Event "Don't Fall In The Trap. (Petrov's Defence)"]
[Site "SchemingMind.com"]
[Date "2006.08.28"]
[Round "-"]
[White "Rotceh"]
[Black "Sibahi"]
[Result "1-0"]
[WhiteCountry "MEX"]
[BlackCountry "KSA"]
[WhiteElo "1605"]
[WhiteRD "65"]
[BlackElo "1351"]
[BlackRD "86"]
[GameID "65571"]

1. e4 e5 2. Nf3 Nf6 3. Nxe5 d6 4. Nxf7 Kxf7 5. d4 Nxe4 6. Qh5+ g6 7. Qd5+ Kg7 8. Qxe4 Qe7 9. Bd3 Bf5 10. Qxe7+ Bxe7
11. Bxf5 gxf5 12. Nc3 Nc6 13. Be3 Rhf8 14. f3 Bf6 15. Ne2 Rae8 16. Kd2 h6 17. c3 Rf7 18. Ng3 Bg5 19. f4 Bf6 20. Nxf5+ Kg6
21. g4 Na5 22. b3 b6 23. h4 h5 24. Ng3 hxg4 25. f5+ Kh7 26. Bg5 Nc6 27. Nh5 Bxg5+ 28. hxg5 Kh8 29. Nf6+ Kg7 30. Rh7+ Kf8
31. Rh8+ Kg7 32. Rxe8 Rxf6 33. gxf6+ Kxf6 34. Rae1 Kxf5 35. Rf1+
1-0

[Event "Don't Fall In The Trap. (Petrov's Defence)"]
[Site "SchemingMind.com"]
[Date "2006.08.28"]
[Round "-"]
[White "capablanca"]
[Black "Rotceh"]
[Result "0-1"]
[WhiteCountry "GER"]
[BlackCountry "MEX"]
[WhiteElo "1613"]
[WhiteRD "57"]
[BlackElo "1605"]
[BlackRD "65"]
[GameID "65572"]

1. e4 e5 2. Nf3 Nf6 3. Nxe5 d6 4. Nf3 Nxe4 5. d4 d5 6. Qe2 Qe7 7. Be3 Qb4+ 8. c3 Qa5 9. Nbd2 f5 10. Ne5 g6
11. Qb5+ Qxb5 12. Bxb5+ c6 13. Ba4 Nd7 14. Nxd7 Bxd7 15. Nf3 Bg7 16. Ng1 O-O 17. f3 Rfe8 18. fxe4 Rxe4 19. Kf2 Rae8 20. Bc2 Rxe3
21. Bd1 Re1 22. Nf3 Rxh1
0-1

[Event "Don't Fall In The Trap. (Petrov's Defence)"]
[Site "SchemingMind.com"]
[Date "2006.08.28"]
[Round "-"]
[White "Dr_Pat"]
[Black "Rotceh"]
[Result "0-1"]
[WhiteCountry "USA"]
[BlackCountry "MEX"]
[WhiteElo "1490"]
[WhiteRD "48"]
[BlackElo "1605"]
[BlackRD "65"]
[GameID "65573"]

1. e4 e5 2. Nf3 Nf6 3. Nxe5 d6 4. Nf3 Nxe4 5. d4 d5 6. Bd3 Be7 7. O-O Bg4 8. c4 c6 9. Nbd2 f5 10. h3 h5
11. hxg4 hxg4 12. Nh2 Bd6 13. cxd5 Bxh2+ 14. Kh1 Bf4+
0-1

[Event "Don't Fall In The Trap. (Petrov's Defence)"]
[Site "SchemingMind.com"]
[Date "2006.08.28"]
[Round "-"]
[White "Sibahi"]
[Black "Rotceh"]
[Result "0-1"]
[WhiteCountry "KSA"]
[BlackCountry "MEX"]
[WhiteElo "1300"]
[WhiteRD "80"]
[BlackElo "1609"]
[BlackRD "64"]
[GameID "65574"]

1. e4 e5 2. Nf3 Nf6 3. Nxe5 d6 4. Nf3 Nxe4 5. Nc3 d5 6. Qe2 Be7 7. g3 O-O 8. Bg2 Bf5 9. d3 Nf6 10. O-O Qd7
11. Ne5 Qe6 12. Bf4 Bh3 13. Qf3 Bxg2 14. Qxg2 c6 15. d4 Nbd7 16. Rfe1 Nxe5 17. Rxe5 Qd7 18. Rae1 Rfe8 19. h3 Bd6 20. R5e2 Bb4
21. Bd2 Rxe2 22. Rxe2 Re8 23. Rxe8+ Qxe8 24. a3 Bxc3 25. Bxc3 Qe2 26. g4 Ne4 27. Bb4 Qd1+ 28. Kh2 Qxd4 29. c3 Qxf2 30. Qxf2 Nxf2
31. b3 f6 32. Bc5 a6 33. Bxf2 Kf7 34. Kg3 Ke6 35. Bd4 g6 36. Kf3 f5 37. gxf5+ Kxf5 38. Kg3 g5 39. Bb6 h5 40. h4 gxh4+
41. Kxh4 Ke4 42. Ba5 Kd3 43. Kxh5 Kc2 44. Bb4 Kxb3 45. Kg5 b6 46. Kf5 c5 47. Bxc5 bxc5 48. Ke5 Kxc3 49. Kxd5 c4 50. a4 Kb4
51. Kd4 c3 52. Kd3 Kb3 53. a5 c2
0-1

[Event "Don't Fall In The Trap. (Petrov's Defence)"]
[Site "SchemingMind.com"]
[Date "2006.08.28"]
[Round "-"]
[White "russellhalifax"]
[Black "capablanca"]
[Result "0-1"]
[WhiteCountry "GBR"]
[BlackCountry "GER"]
[WhiteElo "1532"]
[WhiteRD "96"]
[BlackElo "1633"]
[BlackRD "55"]
[GameID "65578"]

1. e4 e5 2. Nf3 Nf6 3. Nxe5 d6 4. Nf3 Nxe4 5. Qe2 Qe7 6. d3 Nf6 7. g3 Nc6 8. Qxe7+ Bxe7 9. Bg2 Bd7 10. Nc3 a6
11. Bd2 O-O 12. O-O Be6 13. Rae1 Rfe8 14. Ng5 Bd7 15. Re2 Nd4 16. Ree1 Nxc2 17. Bxb7 Rab8 18. Bxa6 Nxe1 19. Rxe1 Rxb2 20. Re2 h6
21. Nf3 Bg4 22. Kg2 c6 23. h3 Be6 24. Bc4 Bxc4 25. dxc4 Bd8 26. Rxe8+ Nxe8 27. Be3 Ba5 28. Bd2 Bxc3 29. Bxc3 Rxa2 30. Nd4 Ra4
31. Nxc6 Rxc4 32. Ne7+ Kf8 33. Nd5 Nc7 34. Nxc7 Rxc3 35. Nb5 Rc6 36. Kf3 d5 37. Kf4 Ke7 38. h4 Rc2 39. f3 Rb2 40. Nc7 d4
41. Ke4 Rd2 42. Nb5 d3 43. Ke3 Rb2 44. Nc3 d2 45. Ke2 f5 46. Kd1 Ke6 47. Na4 Rb4 48. Nc5+ Kd5 49. Nd3 Rd4 50. Kxd2 Kc4
51. Ke3 Rxd3+ 52. Kf4 g6 53. g4 fxg4 54. Kxg4 Kd5 55. Kg3 Ke5 56. Kg4 Rd4+ 57. Kg3 Kf5
0-1

[Event "Don't Fall In The Trap. (Petrov's Defence)"]
[Site "SchemingMind.com"]
[Date "2006.08.28"]
[Round "-"]
[White "russellhalifax"]
[Black "Dr_Pat"]
[Result "1-0"]
[WhiteCountry "GBR"]
[BlackCountry "USA"]
[WhiteElo "1532"]
[WhiteRD "96"]
[BlackElo "1507"]
[BlackRD "53"]
[GameID "65579"]

1. e4 e5 2. Nf3 Nf6 3. Nxe5 d6 4. Nc4 Nxe4 5. d3 Nf6 6. Bg5 Be7 7. Be2 O-O 8. O-O Nbd7 9. Nbd2 c6 10. Ne3 h6
11. Bxh6 gxh6 12. Nf5 Kh7 13. Nxe7 Qxe7 14. d4 Kh8 15. Bd3 b5 16. Re1 Qd8 17. Ne4 Re8 18. Nxd6 Rxe1+ 19. Qxe1 Kg7 20. Nf5+ Kh8
21. Nxh6 Qf8 22. Qd2 a5 23. Re1 Nb6 24. Qg5 Be6 25. Qxf6+ Qg7 26. Qxg7+ Kxg7 27. Nf5+ Bxf5 28. Bxf5 Nc4 29. b3 Nd6 30. Bd7 Ra7
31. Bxc6
1-0

[Event "Don't Fall In The Trap. (Petrov's Defence)"]
[Site "SchemingMind.com"]
[Date "2006.08.28"]
[Round "-"]
[White "russellhalifax"]
[Black "Rotceh"]
[Result "0-1"]
[WhiteCountry "GBR"]
[BlackCountry "MEX"]
[WhiteElo "1544"]
[WhiteRD "137"]
[BlackElo "1605"]
[BlackRD "65"]
[GameID "65580"]

1. e4 e5 2. Nf3 Nf6 3. d4 exd4 4. Qxd4 Nc6 5. Qe3 b6 6. Bc4 Bc5 7. Qb3 O-O 8. Bxf7+ Rxf7 9. Ng5 Bxf2+ 10. Kd1 d5
11. Nxf7 Bg4+ 12. Kd2 Nxe4+ 13. Kd3 Nc5+ 14. Kc3 Qf6+ 15. Kd2 Qd4+ 16. Qd3 Ne4#
0-1

[Event "Don't Fall In The Trap. (Petrov's Defence)"]
[Site "SchemingMind.com"]
[Date "2006.08.28"]
[Round "-"]
[White "russellhalifax"]
[Black "Sibahi"]
[Result "1-0"]
[WhiteCountry "GBR"]
[BlackCountry "KSA"]
[WhiteElo "1489"]
[WhiteRD "94"]
[BlackElo "1348"]
[BlackRD "75"]
[GameID "65581"]

1. e4 e5 2. Nf3 Nf6 3. d3 Nc6 4. Bg5 h6 5. Bh4 d6 6. Be2 Be7 7. Nbd2 Bg4 8. Nf1 Qd7 9. Ng3 O-O-O 10. c4 a6
11. Bxf6 Bxf6 12. O-O Kb8 13. a4 Nb4 14. h3 Bxh3 15. Qd2 a5 16. Bd1 g5 17. Qe3 g4 18. Nh2 h5 19. gxh3 gxh3 20. Nf5 Rdg8+
21. Kh1 Bg5 22. Qf3 Bf4 23. Rg1 Rxg1+ 24. Kxg1 Qd8 25. Bb3 Qg5+ 26. Kh1 Bxh2 27. Kxh2 Qg2+ 28. Qxg2 hxg2 29. Rd1 g1=Q+ 30. Kxg1 h4
31. c5 h3 32. Kh2 Nc6 33. cxd6 cxd6 34. Nxd6 Nd4 35. Nxf7 Rh5 36. Bc4 Kc7 37. f4 exf4 38. Rf1 f3 39. Rf2 Kd7 40. e5 Ke7
41. Bd5 b6 42. Bxf3 Nxf3+ 43. Rxf3 Ke6 44. Rxh3 Rxh3+ 45. Kxh3 Kxf7 46. Kg4 Ke6 47. Kf4
1-0

[Event "Don't Fall In The Trap. (Petrov's Defence)"]
[Site "SchemingMind.com"]
[Date "2006.08.28"]
[Round "-"]
[White "capablanca"]
[Black "russellhalifax"]
[Result "0-1"]
[WhiteCountry "GER"]
[BlackCountry "GBR"]
[WhiteElo "1633"]
[WhiteRD "55"]
[BlackElo "1532"]
[BlackRD "96"]
[GameID "65582"]

1. e4 e5 2. Nf3 Nf6 3. Nxe5 d6 4. Nf3 Nxe4 5. Qe2 Qe7 6. d3 Nc5 7. Nc3 Bg4 8. Qxe7+ Bxe7 9. Be2 Nc6 10. Nd5 O-O-O
11. Nxe7+ Nxe7 12. h3 Bh5 13. Be3 Nd5 14. Bxc5 dxc5 15. O-O-O Rhe8 16. Rhe1 f6 17. g4 Bg6 18. Bf1 Nf4 19. Nh4 Rxe1 20. Rxe1 Re8
21. Rxe8+ Bxe8 22. Nf5 g6 23. Ne3 b5 24. Kd2 c6 25. Bg2 a5 26. h4 Bd7 27. Be4 Kc7 28. h5 gxh5 29. gxh5 h6 30. Bf3 Kd6
31. Nf1 Ke5 32. Ng3 f5 33. c3 Nh3 34. Ke2 Ng1+
0-1

[Event "Don't Fall In The Trap. (Petrov's Defence)"]
[Site "SchemingMind.com"]
[Date "2006.08.29"]
[Round "-"]
[White "Dr_Pat"]
[Black "russellhalifax"]
[Result "0-1"]
[WhiteCountry "USA"]
[BlackCountry "GBR"]
[WhiteElo "1507"]
[WhiteRD "53"]
[BlackElo "1532"]
[BlackRD "96"]
[GameID "65583"]

1. e4 e5 2. Nf3 Nf6 3. Nxe5 Nxe4 4. d4 d5 5. Bd3 Bd6 6. Nd2 Qg5 7. O-O Bh3 8. g3 Bxe5 9. Nxe4 Qg4 10. Nc5 Bxd4
11. Re1+ Kd8 12. Qxg4 Bxg4 13. Nb3 Bb6 14. Be3 Re8 15. Bxb6 Rxe1+ 16. Rxe1 axb6 17. Bxh7 Rxa2 18. Bg8 Be6 19. Nd4 Rxb2 20. Nxe6+ fxe6
21. Bxe6 Rxc2 22. Bxd5 c6 23. Be4 Rd2 24. h4 Nd7 25. Kg2 Nc5 26. Bf3 Nd3 27. Re2 Rxe2 28. Bxe2 Ne5 29. Kh3 b5 30. g4 b4
31. Bd1 c5 32. f4 Nd3 33. f5 Nf2+
0-1

[Event "Don't Fall In The Trap. (Petrov's Defence)"]
[Site "SchemingMind.com"]
[Date "2006.08.28"]
[Round "-"]
[White "Rotceh"]
[Black "russellhalifax"]
[Result "1-0"]
[WhiteCountry "MEX"]
[BlackCountry "GBR"]
[WhiteElo "1620"]
[WhiteRD "60"]
[BlackElo "1489"]
[BlackRD "94"]
[GameID "65584"]

1. e4 e5 2. Nf3 Nf6 3. Nxe5 d6 4. Nc4 Nxe4 5. Nc3 Bf5 6. Qe2 d5 7. Na5 Bc5 8. d3 Bb4 9. Nxb7 Qe7 10. dxe4 dxe4
11. a3 Bxc3+ 12. bxc3 O-O 13. Qe3 Nd7 14. Be2 Rab8 15. Na5 Qe6 16. O-O Nf6 17. Nb3 Bg4 18. Nd4 Qd6 19. Bxg4 Nxg4 20. Qf4 Qxf4
21. Bxf4 Rb7 22. Rab1 Rxb1 23. Rxb1 c5 24. Nc6 a6 25. Nb8 h6 26. Nxa6 Ra8 27. Rb8+ Rxb8 28. Bxb8 c4 29. Nc5 e3 30. fxe3 Nxe3
31. a4 Nd5 32. a5 Kf8 33. a6 Nb6 34. a7 Ke8 35. Bd6 Kd8 36. Kf2 g6 37. Na4 Na8 38. Nb2 Kd7 39. Bb8 Kc8 40. Nxc4 Kb7
41. Nd6+ Kc6 42. Nxf7 Nb6 43. Nxh6 Kb7 44. h4 Nd7 45. Ng4
1-0

[Event "Don't Fall In The Trap. (Petrov's Defence)"]
[Site "SchemingMind.com"]
[Date "2006.08.28"]
[Round "-"]
[White "Sibahi"]
[Black "russellhalifax"]
[Result "1-0"]
[WhiteCountry "KSA"]
[BlackCountry "GBR"]
[WhiteElo "1348"]
[WhiteRD "75"]
[BlackElo "1489"]
[BlackRD "94"]
[GameID "65585"]

1. e4 e5 2. Nf3 Nf6 3. Nxe5 Nxe4 4. Qe2 d5 5. Qb5+ c6 6. Qb3 Bc5 7. Nd3 Qf6 8. f3 Bf2+ 9. Nxf2 Nxf2 10. Kxf2 O-O
11. d4 Qh4+ 12. g3 Qxd4+ 13. Be3 Qf6 14. Bd3 Bg4 15. f4 Nd7 16. Bd2 Nc5 17. Qa3 Ne4+ 18. Bxe4 Qd4+ 19. Qe3 Qxe4 20. Qxe4 dxe4
21. Nc3 Rfe8 22. Rhe1 Rad8 23. Nxe4 Rxe4 24. Rxe4 Rxd2+ 25. Ke1 Rd8 26. Kf2 Kf8 27. Ke3 Bd1 28. Rd4 Rxd4 29. Kxd4 Bxc2 30. Re1 b6
31. Ke5 Ke7 32. Re2 Bd1 33. Rd2 Bg4 34. f5 h5 35. b4 f6+ 36. Ke4 a5 37. Rc2 Kd6 38. Rd2+ Kc7 39. a3 a4 40. Rf2 b5
41. Kd4 Kd6 42. Rf4 Bd1 43. h3 Bc2 44. g4 h4 45. Rf2 Bb3 46. Rg2 Bd5 47. Rg1 Bb3 48. g5 Bc2 49. gxf6 gxf6 50. Rg6 Bxf5
51. Rxf6+ Be6 52. Rh6 Kd7 53. Rxh4 c5+ 54. Kxc5 Bc4 55. Rxc4 bxc4 56. Kxc4
1-0

[Event "Don't Fall In The Trap. (Petrov's Defence)"]
[Site "SchemingMind.com"]
[Date "2006.09.04"]
[Round "-"]
[White "echecs"]
[Black "capablanca"]
[Result "1-0"]
[WhiteCountry "ENG"]
[BlackCountry "GER"]
[WhiteElo "1689"]
[WhiteRD "67"]
[BlackElo "1613"]
[BlackRD "57"]
[GameID "66350"]

1. e4 e5 2. Nf3 Nf6 3. Nxe5 d6 4. Nc4 Nxe4 5. d3 Nf6 6. Be2 Be7 7. O-O O-O 8. Nbd2 Nc6 9. Re1 d5 10. Ne3 Nd4
11. Bf3 Nxf3+ 12. Qxf3 c6 13. Nb3 Bd6 14. Nf5 Bxf5 15. Qxf5 Qc7 16. g3 Rfe8 17. Bh6 Bf8 18. Bf4 Bd6 19. Bg5 Re5 20. Rxe5 Bxe5
21. d4 Bd6 22. Bxf6 gxf6 23. Qxf6 Re8 24. c3 Re6 25. Qf3 Qe7 26. a3 Re1+ 27. Rxe1 Qxe1+ 28. Kg2 Qe4= 29. Na5 Qe7 30. Qg4+ Kh8
31. Qc8+ Kg7 32. Nxb7 Qe4+ 33. Kh3 Be7 34. Qg4+ Qxg4+ 35. Kxg4 Kg6 36. Na5 c5 37. Nc6 f5+ 38. Kf3 Bd6 39. Nxa7 cxd4 40. cxd4 Kf6
41. Nb5 Bb8 42. Nc3 Ke6 43. b4 Bd6 44. h3 h5 45. Ke3 Bc7 46. Kf3 Bb6 47. Ne2 Kf6 48. h4 Bc7 49. Nf4
1-0

[Event "Don't Fall In The Trap. (Petrov's Defence)"]
[Site "SchemingMind.com"]
[Date "2006.09.03"]
[Round "-"]
[White "echecs"]
[Black "Dr_Pat"]
[Result "1-0"]
[WhiteCountry "ENG"]
[BlackCountry "USA"]
[WhiteElo "1689"]
[WhiteRD "67"]
[BlackElo "1490"]
[BlackRD "48"]
[GameID "66351"]

1. e4 e5 2. Nf3 Nf6 3. Nxe5 d6 4. Nc4 Nxe4 5. d3 Nf6 6. Be2 d5 7. Ne5 Bd6 8. d4 O-O 9. O-O Re8 10. Bf4 Nbd7
11. Nd3 Bxf4 12. Nxf4 c5 13. Bb5 a6 14. Bxd7 Bxd7 15. dxc5 Bb5 16. Nd3 Bxd3 17. Qxd3 Rc8 18. b4 d4 19. c3 dxc3 20. Qxd8 Rcxd8
21. Nxc3 Nd5 22. Nxd5 Rxd5 23. g3 Rd4 24. a3 g6 25. Rfc1 Rd2 26. Re1 Rxe1+ 27. Rxe1 Ra2 28. Re3 f5 29. Re7 Rxa3 30. Rxb7 a5
31. c6 axb4 32. c7 Rc3 33. Rb8+
1-0

[Event "Don't Fall In The Trap. (Petrov's Defence)"]
[Site "SchemingMind.com"]
[Date "2006.09.04"]
[Round "-"]
[White "echecs"]
[Black "Rotceh"]
[Result "1-0"]
[WhiteCountry "ENG"]
[BlackCountry "MEX"]
[WhiteElo "1689"]
[WhiteRD "67"]
[BlackElo "1605"]
[BlackRD "65"]
[GameID "66352"]

1. e4 e5 2. Nf3 Nf6 3. Nxe5 d6 4. Nc4 Nxe4 5. d3 Nf6 6. Be2 Be7 7. O-O O-O 8. Nc3 Nc6 9. Bf3 d5 10. Nd2 Re8
11. Re1 Bc5 12. Rxe8+ Qxe8 13. Nxd5 Nxd5 14. Bxd5 Ne5 15. Ne4 Bb6 16. h3 c6 17. Bb3 Be6 18. Nd6 Qd7 19. Bxe6 Qxd6 20. Bb3 Qf6
21. Be3 Bxe3 22. fxe3 Re8 23. Qh5 Qg6 24. Qe2 Nd7 25. Rf1 Re7 26. d4 Nf6 27. c3 Ne4 28. g4 Ng3 29. Qh2 Nxf1 30. Qb8+
1-0

[Event "Don't Fall In The Trap. (Petrov's Defence)"]
[Site "SchemingMind.com"]
[Date "2006.09.04"]
[Round "-"]
[White "echecs"]
[Black "russellhalifax"]
[Result "1-0"]
[WhiteCountry "ENG"]
[BlackCountry "GBR"]
[WhiteElo "1689"]
[WhiteRD "67"]
[BlackElo "1544"]
[BlackRD "137"]
[GameID "66353"]

1. e4 e5 2. Nf3 Nf6 3. Nxe5 Nxe4 4. Qf3 Nf6 5. Nc3 Be7 6. Bc4 d5 7. Nxd5 O-O 8. O-O b5 9. Nxf6+ Bxf6 10. Nxf7 bxc4
11. Nxd8
1-0

[Event "Don't Fall In The Trap. (Petrov's Defence)"]
[Site "SchemingMind.com"]
[Date "2006.09.03"]
[Round "-"]
[White "echecs"]
[Black "Sibahi"]
[Result "1-0"]
[WhiteCountry "ENG"]
[BlackCountry "KSA"]
[WhiteElo "1689"]
[WhiteRD "67"]
[BlackElo "1351"]
[BlackRD "86"]
[GameID "66354"]

1. e4 e5 2. Nf3 Nf6 3. Nxe5 Nc6 4. Nxc6 dxc6 5. e5 Nd5 6. Bc4 Bc5 7. d4 Bb6 8. c3 Be6 9. Bd3 Qd7 10. Na3 O-O-O
11. Nc4 f5 12. f4 h6 13. Qh5 Ne7 14. Bd2 g6 15. Qe2 Kb8 16. O-O-O c5 17. Nxb6 cxb6 18. Bb5 Qd5 19. dxc5 Qxa2 20. cxb6 axb6
21. Be3 Bb3 22. Bd4 Qa1+ 23. Kd2 Qxb2+ 24. Ke3 Nd5+ 25. Kf3 Qxe2+ 26. Kxe2 Bxd1+ 27. Rxd1 Nxf4+ 28. Kf3 Nd5 29. e6 Rh7 30. Be5+ Ka7
31. Bf6 Nxf6 32. Rxd8 g5 33. Rf8 Ne4 34. Rf7 Rh8 35. e7 Nd6 36. Rf8 Rh7 37. e8=Q Nxe8 38. Rxe8 Rc7 39. c4 Rf7 40. Re6 Rh7
41. Rf6 f4 42. Kg4 Kb8 43. Kh5 Rh8 44. Rxb6 Kc7 45. Rxh6 Rxh6+ 46. Kxh6 g4 47. Kg5 f3 48. gxf3 gxf3 49. c5 b6 50. cxb6+ Kxb6
51. Bf1 Kc6 52. h4 Kd7 53. Kg6 Ke6 54. Kg7 Kf5 55. h5 Kg4 56. h6 Kg3 57. h7 Kf2 58. Ba6
1-0

[Event "Don't Fall In The Trap. (Petrov's Defence)"]
[Site "SchemingMind.com"]
[Date "2006.09.02"]
[Round "-"]
[White "capablanca"]
[Black "echecs"]
[Result "0-1"]
[WhiteCountry "GER"]
[BlackCountry "ENG"]
[WhiteElo "1613"]
[WhiteRD "57"]
[BlackElo "1689"]
[BlackRD "67"]
[GameID "66355"]

1. e4 e5 2. Nf3 Nf6 3. Nxe5 Qe7 4. Nf3 Qxe4+ 5. Be2 Be7 6. O-O O-O 7. Re1 Bd6 8. d4 Nc6 9. Nc3 Qg4 10. Nb5 Bb4
11. c3 Ba5 12. b4 Bb6 13. a4 a6 14. Na3 Qg6 15. Nc4 Ba7 16. Nfe5 Qf5 17. Bd3 Qh5 18. Qxh5 Nxh5 19. Nxc6 dxc6 20. Re7 Bb8
21. Bd2 b5 22. Ne5 Bb7 23. a5 Nf6 24. Nd7 Nd5 25. Re2 Rd8 26. Rae1 Ba7 27. Nc5 Bxc5 28. dxc5 h6 29. c4 Nxb4 30. Bxb4 Rxd3
31. cxb5 cxb5 32. Re7 Rc8 33. h3 Rd4 34. Rb1 Be4 35. Rb2 Bf5 36. Re3 Be6 37. Rg3 Rcd8 38. Bc3 Rd1+ 39. Kh2 g6 40. h4 Rc1
41. Bb4= Rdd1 42. Re3 Rh1+ 43. Kg3 Rc4 44. f4 g5 45. hxg5 hxg5 46. fxg5 Rhh4 47. Bc3 Rhg4+ 48. Kf2 Rxc5 49. Rh3 Rf4+ 50. Rf3 Rxf3+
51. gxf3 Rxc3
0-1

[Event "Don't Fall In The Trap. (Petrov's Defence)"]
[Site "SchemingMind.com"]
[Date "2006.09.04"]
[Round "-"]
[White "Rotceh"]
[Black "echecs"]
[Result "1-0"]
[WhiteCountry "MEX"]
[BlackCountry "ENG"]
[WhiteElo "1605"]
[WhiteRD "65"]
[BlackElo "1689"]
[BlackRD "67"]
[GameID "66357"]

1. e4 e5 2. Nf3 Nf6 3. Nxe5 Qe7 4. Nf3 Qxe4+ 5. Be2 Be7 6. O-O Nc6 7. d3 Qg6 8. Nc3 h5 9. Nh4 Qh7 10. d4 Ng4
11. Bd3 g6 12. Re1 d6 13. Nd5 Bd7 14. Bg5 Be6 15. Nxc7+ Kd7 16. Nxe6 Bxg5 17. Nxg5 Qg7 18. d5 Nce5 19. Bb5+ Kc7 20. f4 Qf6
21. fxe5 Qf2+ 22. Kh1 Qxh4 23. exd6+ Kxd6 24. Nxf7+ Kc5 25. b4+ Kxb5 26. Nd6+ Kb6 27. Qd4+ Kc7 28. Qg7+ Kxd6 29. Re6+ Kxd5 30. Qd7+ Kc4
31. Re4+ Kc3 32. Qd4+
1-0